MLB 1st Overall Draft Picks - Statistics

General Stats
  • This quiz has been taken 378 times
  • The average score is 10 of 49
Answer Stats
Year Team Position Player % Correct
2010 Washington Nationals OF/C Bryce Harper
85%
2012 Houston Astros SS Carlos Correa
83%
2009 Washington Nationals RHP Stephen Strasburg
78%
2011 Pittsburgh Pirates RHP Gerrit Cole
70%
2001 Minnesota Twins C Joe Mauer
57%
2007 Tampa Bay Rays LHP David Price
52%
1987 Seattle Mariners OF Ken Griffey, Jr.
48%
1990 Atlanta Braves SS Chipper Jones
45%
1993 Seattle Mariners SS Alex Rodriguez
42%
2013 Houston Astros RHP Mark Appel
40%
2005 Arizona Diamondbacks SS Justin Upton
33%
1980 New York Mets OF Darryl Strawberry
30%
1999 Tampa Bay Devil Rays OF Josh Hamilton
25%
2008 Tampa Bay Rays SS Tim Beckham
23%
2000 Florida Marlins 1B Adrian Gonzalez
21%
2003 Tampa Bay Devil Rays OF Delmon Young
21%
2004 San Diego Padres SS Matt Bush
19%
1991 New York Yankees LHP Brien Taylor
18%
2006 Kansas City Royals RHP Luke Hochevar
16%
1997 Detroit Tigers RHP Matt Anderson
16%
1998 Philadelphia Phillies OF Pat Burrell
16%
1989 Baltimore Orioles RHP Ben McDonald
12%
1995 California Angels OF Darin Erstad
12%
1982 Chicago Cubs SS Shawon Dunston
12%
1985 Milwaukee Brewers C B.J. Surhoff
11%
1978 Atlanta Braves 3B Bob Horner
11%
1994 New York Mets RHP Paul Wilson
10%
1977 Chicago White Sox OF Harold Baines
9%
1986 Pittsburgh Pirates 3B Jeff King
8%
1992 Houston Astros 3B Phil Nevin
8%
2002 Pittsburgh Pirates RHP Bryan Bullington
7%
1996 Pittsburgh Pirates RHP Kris Benson
7%
1981 Seattle Mariners RHP Mike Moore
7%
1965 Kansas City Athletics OF Rick Monday
7%
1988 San Diego Padres RHP Andy Benes
6%
1969 Washington Senators OF Jeff Burroughs
6%
1984 New York Mets OF Shawn Abner
6%
1973 Texas Rangers LHP David Clyde
5%
1979 Seattle Mariners OF Al Chambers
4%
1974 San Diego Padres SS Bill Almon
4%
1972 San Diego Padres 3B Dave Roberts
4%
1976 Houston Astros LHP Floyd Bannister
4%
1966 New York Mets C Steve Chilcott
4%
1983 Minnesota Twins RHP Tim Belcher
4%
1968 New York Mets SS Tim Foli
4%
1975 California Angels C Danny Goodwin
3%
1971 Chicago White Sox C Danny Goodwin
3%
1970 San Diego Padres C Mike Ivie
3%
1967 New York Yankees 1B Ron Blomberg
3%
No matching quizzes found
Score Distribution
Percent of People with Each Score
Percentile by Number Answered
Your Score History
You have not taken this quiz